Extraliga je zachránená, budú financie na ďalší ročník? medzi stolnými tenistami Geológu sú spokojní so sezónou

Bibliographic Details
Main Authors: Zagiba, Tomáš (Author, Interviewer), Gallo, Zoltán (Author)
Format: Article
Language:Slovak
PhysicalDescription:Fotogr.
Subjects:

MARC

LEADER 00000nab a2200000 a 4500
001 vtls010099447
003 SK-MaSNL
005 20260303080916.0
008 100525c2010 xo urzp 0 0slo
038 |a RVGKPD 
040 |a RVGKPD  |b slo  |c RVGKPD  |e AACR2 
041 |a slo 
044 |a xo  |c SK 
080 |a 796.386  |2 1997 
100 1 |a Zagiba, Tomáš  |4 aut  |4 ivr  |9 1034767 
245 1 0 |a Extraliga je zachránená, budú financie na ďalší ročník?  |b medzi stolnými tenistami Geológu sú spokojní so sezónou  |c Tomáš Zagiba, Zoltán Gallo 
300 |b Fotogr. 
610 2 7 |a Geológ VTJ (Rožňava, Slovensko)  |2 rvgkpd  |9 1025486 
650 0 7 |a stolný tenis  |2 rvgkpd  |9 25562 
651 7 |a Rožňava (Slovensko)  |2 rvgkpd  |9 17394 
700 1 |a Gallo, Zoltán  |4 aut  |4 ive  |9 1025485 
773 0 |t Rožňavské listy = Rozsnyói Lapok  |g Roč. IV, č. 1 (apríl-máj 2010), s. 12 
852 |a RVGKPD  |b KIS3G 
992 |a RBX 
999 |c 1782449  |d 1784379